00743nam a22001937a 450000500170000001000130001702000260003003500130005603700270006908200120009610000170010824500710012526000350019627000600023130000200029194200260031199900170033795201950035420140321113604.0 aB-500323 a9780670085781c499.00 aB-500323 adplbMallika Books/Ven a330.092 aDesai, Padma aBreaking Out:ban indian woman's american journey/cby Padma Desai aNew DelhibPenguin booksc2012 a11 Community Centre, Panchsheel ParkbNew Delhie110017 a222p.c20cm(Hb) 2ddccENh330.092mDES c83116d83116 001040708NFICaZLSbZLSd2014-03-21eMallika Books/99/15.03.2013/174/08.03.2013/18.03.2013g499.00l6m1o330.092 DESpB-500323r2021-08-05 00:00:00s2021-07-12t1v499.00w2014-03-21yEN